zpět

Detail výsledku týmu

UDVOU, Čáslav

Datum a čas kvízu

29 Celkem bodů Celkový počet nahraných bodů na tomto kvízu bez doplňovacích otázek.
4. Pořadí na kvízu Konečné umístění týmu na tomto kvízu.

Zaznamenané odpovědi

# Otázka Odpověď Body Výsledky
1. Jak se jmenuje funkcionář, jem... Josef Středula 1
2. Správci pozůstalosti nedávno z... Sinéad O'Connor 0
3. V sobotu večer se v pražském R... Simona Peková, Přišla v noci 0
4. Od středy minulého týdne je za... HHC 1
5. V pondělí byl představen ofici... Invalidovna 0
6. Začneme prvním českým králem p... Přemysl Otakar II., 1278 0.5
7. Další „slavnou“ prohrou, která... stoletá válka 1
8. V bitvě u Lipan, kterou řadí m... z Dubé 1
9. Bitva na Bílé hoře zpečetila o... v 17. století 1
10. Zástupce kterého z těchto stát... B) Španělska 1